00334nam a2200133Ia 4500008004100000020001500041041001200056082001600068100001400084245005300098260002500151300000800176650001600184221030s9999 xx 000 0 und d a0070993874 aEnglish a105.23bKoh aZ. Kohavi 0aSwitching & Finite Automata Theorycby Z. Kohavi bTMHaNew Delhic2000 a658 aBE Computer